Historia de Costa Rica : (Record no. 62588)

MARC details
000 -LEADER
fixed length control field 00588cam a2200181 a 4500
008 - FIXED-LENGTH DATA ELEMENTS--GENERAL INFORMATION
fixed length control field 021114s2000 cr a 000 0 spa u
020 ## - INTERNATIONAL STANDARD BOOK NUMBER
International Standard Book Number 9977674116
050 00 - LIBRARY OF CONGRESS CALL NUMBER
Classification number F1546
Item number M65 2000
100 1# - MAIN ENTRY--PERSONAL NAME
Personal name Molina, Iván
245 00 - TITLE STATEMENT
Title Historia de Costa Rica :
Remainder of title Breve, actualizada y con ilustraciones /
Statement of responsibility, etc Iván Molina, Steven Palmer.
260 ## - PUBLICATION, DISTRIBUTION, ETC. (IMPRINT)
Place of publication, distribution, etc San José, Costa Rica :
Name of publisher, distributor, etc Universidad de Costa Rica,
Date of publication, distribution, etc 2000.
300 ## - PHYSICAL DESCRIPTION
Extent 148 p. :
Other physical details il. ;
Dimensions 21 cm.
500 ## - GENERAL NOTE
General note Incluye índice
504 ## - BIBLIOGRAPHY, ETC. NOTE
Bibliography, etc Bibliografía: p. 131-134
651 #4 - SUBJECT ADDED ENTRY--GEOGRAPHIC NAME
Geographic name Costa Rica
General subdivision Historia
942 ## - ADDED ENTRY ELEMENTS (KOHA)
Source of classification or shelving scheme Biblioteca del Cogreso de los Estados Unidos
Koha item type Libro
Holdings
Estado de pérdida Fuente de clasificación Estado del daño No para préstamo Ubicación permanente Ubicación actual Apartado o colección Fecha de adquisición Área del conocimiento Clasificación Código de Barras Date last seen Número de copia Tipo de recurso
  Biblioteca del Cogreso de los Estados Unidos     Biblioteca del Instituto de Investigaciones Históricas Biblioteca del Instituto de Investigaciones Históricas General 06/07/2018 Ciencias Sociales y Administrativas F1546 M65 2000 IIH000023204 06/07/2018 C: 1 Libro